[Event "EICC 2017"]
[Site "Minsk"]
[Date "2017.06.01"]
[Round "3"]
[White "Minko, Vladimir"]
[Black "Buhmann, Rainer"]
[Result "0-1"]
[WhiteElo "2438"]
[BlackElo "2596"]
[Annotator "TA"]
[PlyCount "84"]
[EventDate "2017.??.??"]
[EventCountry "BLR"]
[SourceTitle "playchess.com"]
[Source "ChessBase"]
[SourceQuality "1"]

{[%evp 24,84,-17,-8,0,-18,-43,-135,-136,-126,-150,-156,-135,-127,-70,-94,-76,-63,-45,-31,-33,-29,-29,-47,-47,-45,-39,-49,-47,-107,-93,-89,-100,-153,-124,-171,-175,-171,-170,-178,-177,-173,-173,-247,-252,-242,-245,-318,-312,-446,-442,-429,-433,-527,-443,-681,-673,-710,-635,-625,-617,-759,-663]} 1. d4 Nf6 2. c4 e6 3. g3 d5 4. Nf3 dxc4 5. Bg2 c6 6. a4 Bb4+ 7. Nc3 O-O 8. O-O Nbd7 9. Qc2 a5 10. Rd1 {E01: Catalan: Early deviations} Qe7 11. Na2 Bd6 12. Qxc4 e5 13. Nc3 {LiveBook: 3 Games} Re8 14. Qb3 {[#]} h6 $146 ({Predecessor:} 14... exd4 15. Nxd4 Nc5 16. Qc2 Be5 17. Nf3 Bxc3 18. bxc3 {½-½ (38) Mu,K (2425)-Wen,Y (2611) Wuxi 2016}) 15. d5 (15. Qc2 $15) 15... Nc5 $17 16. Qc4 cxd5 17. Nxd5 Nxd5 18. Qxd5 Be6 (18... Rd8 $17 19. Qc4 Be6) 19. Bg5 $1 $15 {[%cal Rg5e7]} ({Don't blunder} 19. Qxd6 $2 Rad8 $19) 19... hxg5 20. Qxd6 Nb3 21. Qxe7 Rxe7 22. Ra3 f6 23. Rd6 {Threatening Rxe6!} Nc5 $36 {[%mdl 2048] White is under pressure.} 24. Nd2 Ra6 25. Rd8+ Kf7 26. Bd5 ({White should play} 26. Rc3 $15 Nxa4 27. Rc2) 26... Rb6 27. b3 Rb4 28. Kf1 (28. Rc8 $142 Rd7 29. Bxe6+ Nxe6 30. Nc4) 28... b6 29. f3 Rc7 30. Bxe6+ Nxe6 ({Resist} 30... Kxe6 31. Kf2 $15) 31. Rd3 Rc1+ 32. Kf2 {[#]} Nc5 $1 {[%cal Rc5d3]} 33. Rd6 (33. Re3 $142) 33... Ke7 $19 34. Rd5 Rd1 35. e4 {[#]} g4 $1 {[%mdl 512]} 36. Ke2 (36. Nc4 $142 Rxd5 37. exd5) (36. fxg4 Nxe4+) 36... Rh1 {Black is clearly winning.} 37. fxg4 Rxh2+ 38. Ke3 {[#]} Rd4 $1 {[%mdl 512] And now ...Rhxd2 would win.} 39. Rxc5 (39. Nf1 $142 Rxe4+ 40. Kf3) (39. Rxd4 exd4+) 39... bxc5 40. Nf3 Rg2 41. Nxd4 exd4+ 42. Kd3 Kd6 {Precision: White = 32%, Black = 68%.} 0-1

[Event "EICC 2017"]
[Site "Minsk"]
[Date "2017.06.01"]
[Round "3"]
[White "Zawadzka, Jolanta"]
[Black "Korobov, Anton"]
[Result "1/2-1/2"]
[WhiteElo "2419"]
[BlackElo "2688"]
[Annotator "TA"]
[PlyCount "52"]
[EventDate "2017.??.??"]
[EventCountry "BLR"]
[SourceTitle "playchess.com"]
[Source "ChessBase"]
[SourceQuality "1"]

{[%evp 15,52,27,16,25,40,37,40,40,40,39,28,40,70,70,57,51,69,34,39,40,44,19,45,54,88,77,81,25,32,33,22,25,25,16,44,46,43,35,50]} 1. e4 c5 2. Nf3 Nc6 3. d4 cxd4 4. Nxd4 Qb6 5. Nb3 Nf6 6. Nc3 e6 7. Qe2 Bb4 8. Bd2 O-O 9. a3 {B33: Sicilian: Pelikan and Sveshnikov Variations} (9. O-O-O d5 10. exd5 exd5 11. Be3 Qc7 12. Nb5 Qd8 13. f3 a6 14. N5d4 Re8 15. Qf2 Ne5 16. Bd2 Bd6 17. Kb1 a5 18. Bb5 a4 {½-½ (76) Amonatov,F (2620)-Korobov,A (2692) Doha 2016}) 9... Be7 10. O-O-O d5 11. exd5 Nxd5 12. g3 Bf6 13. Ne4 Bd4 $146 ({Predecessor:} 13... Be7 14. Bg2 a5 15. Nc3 a4 16. Nxd5 exd5 {½-½ (55) Lingur,Z (2007)-Dordzhieva,D (2088) Elista 2014}) 14. Nxd4 Nxd4 15. Qc4 Nf3 16. Bg2 (16. Bb4 $5 Ne5 17. Qc5 Nxb4 18. Qxe5 $14) 16... Nxd2 17. Rxd2 Bd7 18. Qc5 Qa6 19. Nd6 Bc6 20. Rhd1 Rad8 21. Bxd5 (21. h4 $16) 21... Bxd5 $11 22. Nf5 exf5 23. Rxd5 Rxd5 24. Rxd5 g6 25. Kb1 Re8 26. Qd4 h5 {Precision: White = 70%, Black = 48%.} 1/2-1/2

[Event "EICC 2017"]
[Site "Minsk"]
[Date "2017.06.01"]
[Round "3"]
[White "Balashov, Yuri S"]
[Black "Pantsulaia, Levan"]
[Result "0-1"]
[WhiteElo "2408"]
[BlackElo "2594"]
[Annotator "TA"]
[PlyCount "82"]
[EventDate "2017.??.??"]
[EventCountry "BLR"]
[SourceTitle "playchess.com"]
[Source "ChessBase"]
[SourceQuality "1"]

{[%evp 19,82,53,50,25,28,39,33,20,30,31,35,0,0,0,0,0,8,8,12,8,10,0,0,0,0,0,1,-35,-40,-26,-25,-33,-10,-18,-12,-47,-43,-144,-12,-13,-10,-21,-25,-45,-44,-146,-152,-144,-92,-454,-452,-427,-406,-387,-289,-251,-292,-493,-495,-495,-488,-458,-416,-402,-376]} 1. d4 Nf6 2. c4 c5 3. d5 e6 4. Nc3 exd5 5. cxd5 d6 6. Nf3 {[%cal Bg1f3,Bf3d2,Bd2c4][%mdl 32]} g6 7. Bg5 h6 8. Bh4 Bg7 9. e3 O-O 10. Nd2 Na6 11. Nc4 {A61: Modern Benoni: Nf3 without early e4} (11. Be2 Nc7 12. e4 b5 13. O-O b4 14. Na4 Re8 15. Bd3 Bd7 16. a3 bxa3 17. Rxa3 Rb8 18. Nc3 Bb5 19. Nxb5 Nxb5 20. Ra6 Nc7 {½-½ (20) Slipak,S (2465)-Flores,D (2568) Buenos Aires 2017}) 11... Nc7 12. a4 b6 13. Be2 {White is slightly better.} Ba6 14. O-O Qd7 15. h3 Rfe8 $146 ({Predecessor:} 15... Rae8 16. Bg3 Bxc4 17. Bxc4 Ne4 18. Nxe4 Rxe4 {½-½ (31) Law,A (2400)-Nunn,J (2410) London 1977}) 16. Bg3 Bxc4 17. Bxc4 Ne4 18. Nxe4 Rxe4 19. Qc2 Rae8 20. Rac1 a6 {[%cal Ba7a6,Ba6b5][%mdl 32]} 21. b3 R4e7 $36 {[%mdl 2048] Black fights for an advantage.} 22. Rcd1 Be5 {White must now prevent ...Bxg3.} 23. f4 Bf6 24. Bf2 b5 25. axb5 axb5 26. Be2 Rxe3 27. Bxe3 (27. Bg4 $5 {[%cal Rg4d7]} Qd8 28. Bxe3 Rxe3 29. Kh1 $11) 27... Rxe3 28. Rd3 (28. Kh1 $15) 28... Qe7 ({Black should try} 28... Bd4 $17 {Hoping for ...Rxe2+.} 29. Rxd4 cxd4) 29. Rxe3 $11 Qxe3+ 30. Kh1 Bd4 31. f5 g5 32. Bf3 {[#]} (32. Qd3 $15) 32... Be5 $1 $17 33. g4 Nxd5 (33... Kf8 $142 34. b4 c4) 34. Bxd5 $4 {[%mdl 8192]} (34. Qe4 $17 Qf4 35. Qxf4 Nxf4 36. Bc6) 34... Qxh3+ $19 35. Kg1 Bd4+ 36. Rf2 Qxg4+ 37. Bg2 Qf4 38. Kf1 $2 {[#]} (38. Bc6) 38... Bxf2 (38... Qxf2+ $2 39. Qxf2 Bxf2 40. Kxf2 $19) 39. Qxf2 Qc1+ 40. Ke2 Qc2+ 41. Ke1 Qb1+ {Precision: White = 36%, Black = 72%.} 0-1

[Event "EICC 2017"]
[Site "Minsk"]
[Date "2017.06.01"]
[Round "3"]
[White "Sadovsky, Artem"]
[Black "Grandelius, Nils"]
[Result "0-1"]
[WhiteElo "2407"]
[BlackElo "2665"]
[Annotator "TA"]
[PlyCount "48"]
[EventDate "2017.??.??"]
[EventCountry "BLR"]
[SourceTitle "playchess.com"]
[Source "ChessBase"]
[SourceQuality "1"]

{[%evp 16,48,-40,-33,0,0,0,0,0,0,3,0,0,0,0,0,0,0,24,23,24,24,24,30,28,20,26,5,23,23,23,-29973,0,-29974,-29973]} 1. Nf3 d5 2. g3 g6 3. Bg2 Bg7 4. c4 dxc4 5. Qa4+ Nc6 6. Nc3 e5 7. Qxc4 Nge7 8. O-O O-O 9. d3 Nf5 {A07: Réti Opening: New York and Capablanca Systems} (9... h6 10. Qa4 Bd7 11. Qa3 Nf5 12. Bd2 Re8 13. Rac1 b6 14. Rfe1 a5 15. b3 Rc8 16. Qb2 Ncd4 17. Nxd4 exd4 {½-½ (152) Nakamura,H (2793)-Caruana,F (2787) Saint Louis 2015}) 10. Bg5 Qe8 11. Nd5 $146 ({Predecessor:} 11. Rfc1 h6 12. Bd2 Be6 13. Qa4 Nd6 14. Be3 Nd4 15. Qd1 Rd8 16. Nd2 {½-½ (52) Arsovic,Z (2401)-Nakar,E (2473) Albena 2015}) 11... Be6 {The position is equal.} 12. e4 Qd7 13. exf5 Bxd5 14. Nxe5 $1 Nxe5 {[%cal Bc6e5,Be5d3,Bd3f2,Bf2h3][%mdl 32]} 15. Qxd5 Qxf5 16. Be7 Rfe8 (16... c6 $5 {[%cal Rc6d5]} 17. Qb3 Rfe8 18. Qxb7 Reb8 $11) 17. Qxb7 Rab8 18. Qxc7 Nxd3 19. Qxa7 Rxb2 {[#] ...Re2 is the strong threat.} 20. Rad1 {And now Bc6 would win.} h5 21. Bc6 Rxe7 (21... Nxf2 $5 22. Rxf2 Rxf2 23. Qxf2 (23. Bxe8 Re2 $11) 23... Qxf2+ 24. Kxf2 Rxe7 $11) 22. Qxe7 Nxf2 23. Qe3 $2 {[%mdl 8192] [#]} (23. Qd8+ $11 Kh7 24. Rd2) 23... Nh3+ 24. Kh1 Qc2 {Precision: White = 52%, Black = 62%.} 0-1

[Event "EICC 2017"]
[Site "Minsk"]
[Date "2017.06.01"]
[Round "3"]
[White "Tihonov, Jurij"]
[Black "Oleksiyenko, Mykhaylo"]
[Result "0-1"]
[WhiteElo "2402"]
[BlackElo "2636"]
[Annotator "TA"]
[PlyCount "116"]
[EventDate "2017.??.??"]
[EventCountry "BLR"]
[SourceTitle "playchess.com"]
[Source "ChessBase"]
[SourceQuality "1"]

{[%evp 14,116,20,19,23,14,32,22,37,47,67,61,85,0,0,-16,56,-27,0,0,0,0,0,0,0,0,0,0,0,0,0,0,36,0,0,0,0,-94,-97,-156,-156,-158,-102,-106,-106,-126,-43,-81,-59,-62,-80,-99,-113,-246,-231,-219,-29,-46,0,0,0,0,0,0,0,-234,-64,-73,-80,-160,-145,-218,-163,-366,-375,-2118,-2087,-12840,-12840,-12838,-12838,-12839,-12839,-12839,-12840,-12840,-12841,-12841,-12841,-12842,-12842,-12842,-12843,-12844,-12844,-12845,-12845,-12845,-12846,-12846,-12847,-12848,-12847,-12848,-12848]} 1. Nf3 Nf6 2. c4 e6 3. Nc3 d5 4. d4 Nbd7 5. Qc2 c6 6. e3 Bd6 7. g4 Bb4 8. Bd2 {LiveBook: 252 Games} Bxc3 {D45: Semi-Slav: 5 e3} 9. Bxc3 Ne4 10. Bb4 h5 $146 {The position is equal.} ({Predecessor:} 10... Qb6 11. Qa4 c5 12. dxc5 Nexc5 13. Qa3 O-O 14. cxd5 a5 15. Bc3 exd5 16. Be2 {½-½ (31) Ernst,S (2572)-L'Ami,E (2620) Eindhoven 2010}) 11. g5 a5 12. Ba3 Nxg5 13. Nxg5 (13. Nd2 $1 $16) 13... Qxg5 $11 14. b3 {[#]} dxc4 (14... a4 $1 $11 {[%mdl 512]}) 15. Bxc4 (15. bxc4 $14 Nf6 16. h4) 15... b5 (15... a4 $5) 16. Bd3 b4 17. Bb2 $1 (17. Qxc6 $2 Rb8 $19) 17... Ba6 18. Qxc6 Bxd3 19. Qxa8+ Ke7 $1 20. Qf3 (20. Qxh8 {gets mated.} Qg4 21. Qxh5 Qxh5 22. f3 Qxf3 23. Kd2 Qe2+ 24. Kc1 Qc2#) 20... Rc8 $36 {[%mdl 2048] Black has some pressure.} 21. Rc1 Rxc1+ 22. Bxc1 h4 23. Kd2 Bb1 24. Bb2 Bxa2 25. Rc1 (25. Kc2 $11 {keeps the balance.} a4 26. bxa4) 25... Bxb3 $17 26. Rc7 ({White should play} 26. Qa8) 26... Bd5 27. Qe2 Qg1 (27... Qf5 $142 $1 28. Bc1 Ba8) 28. e4 Qxh2 29. Rxd7+ Kxd7 30. exd5 Qf4+ ({Don't play} 30... exd5 $6 31. Qb5+ Ke6 32. Qe8+ Kf6 33. Qc6+ Kg5 34. Qxd5+ f5 35. Qf3 $11) 31. Kd1 $1 exd5 {Hoping for ...h3.} 32. Qb5+ Ke6 {Strongly threatening ...Qf3+.} 33. Qc6+ (33. Qe8+ $17 Kf5 34. Qxf7+ Ke4 35. Qe6+ Kf3 36. Qxd5+ Kxf2 37. Qe6 Qf3+ 38. Kd2) 33... Qd6 $19 34. Qc8+ Ke7 $2 (34... Qd7 $1 $19 {[%cal Rd7c8]} 35. Qh8 Qa4+ 36. Kc1 Qc6+ 37. Kd2 g5) 35. Bc1 f6 36. Qh8 g5 {[#] ...Qd7 is the strong threat.} (36... Qe6 $5 {[%cal Re6g4]} 37. Qxg7+ Kd6 $11) 37. f4 $1 {[%mdl 512]} gxf4 (37... Qb6 $5 {[%cal Rb6d4]} 38. Qg7+ Ke8 39. Qg8+ Ke7 40. Qg7+ Ke8 41. Qg8+ Ke7 42. Qg7+ $11) 38. Qh7+ Kd8 39. Qf5 $2 (39. Qxh4 $11 {and White has nothing to worry.} f3 40. Qf2) 39... Qc6 $2 ({Better is} 39... a4 $19 {And now ...a3 would win.} 40. Bd2 a3) 40. Qxf4 {[#]} h3 $1 {White must now prevent ...Kd7.} 41. Qb8+ (41. Bd2 $142) 41... Ke7 42. Bf4 (42. Qg3 $17) 42... Kf7 {Threatens to win with ...Qa4+.} 43. Qa7+ $2 (43. Bd6) 43... Kg6 44. Qxa5 $2 (44. Qb8 Qa4+ 45. Ke2) 44... Qc4 {Black is clearly winning.} 45. Bd6 b3 {[%cal Bb4b3,Bb3b2][%mdl 32]} 46. Qd8 Qxd4+ 47. Ke2 Qe4+ 48. Kf2 b2 49. Qg8+ Kh5 50. Qh8+ Kg5 51. Qg8+ {[#]} Qg6 $1 {[%cal Rg6g8]} 52. Bf4+ Kh5 53. Qxd5+ Kh4 54. Bg5+ Qxg5 55. Qe4+ Kh5 56. Qe8+ Qg6 57. Qe2+ Kh6 {( -> ...Qg2+)} 58. Qe3+ Qg5 {Precision: White = 37%, Black = 62%.} 0-1

[Event "EICC 2017"]
[Site "Minsk"]
[Date "2017.06.01"]
[Round "3"]
[White "Podolchenko, Evgeniy"]
[Black "Salgado Lopez, Ivan"]
[Result "1/2-1/2"]
[WhiteElo "2398"]
[BlackElo "2627"]
[Annotator "TA"]
[PlyCount "118"]
[EventDate "2017.??.??"]
[EventCountry "BLR"]
[SourceTitle "playchess.com"]
[Source "ChessBase"]
[SourceQuality "1"]

{[%evp 22,118,43,12,80,6,14,-2,0,0,0,0,0,-39,0,-1,-8,-3,-15,-16,25,-10,-20,-30,0,0,0,0,0,0,0,0,29,16,17,12,40,0,0,0,0,0,0,-33,-43,-84,-75,-135,-134,-169,-169,-350,-345,-350,-350,-341,-336,-325,-315,-506,-506,-506,-506,-525,-510,-470,-425,-375,-350,-350,-223,-459,-459,-452,-445,-445,-445,-437,-431,-437,-430,-386,-129,-129,-130,-130,-223,-205,-49,-49,-49,-49,-8,-8,-18,-43,0,-43,29984]} 1. d4 Nf6 2. c4 g6 3. Nc3 d5 4. Bf4 Bg7 5. e3 O-O 6. Rc1 dxc4 7. Bxc4 Nbd7 {D83: Grünfeld: 4 Bf4 Bg7 5 e3 0-0} 8. Nf3 Nh5 9. Bg5 h6 10. Bh4 g5 11. Bg3 Nxg3 12. hxg3 {LiveBook: 6 Games} e6 $146 (12... c5 $11) ({Predecessor:} 12... c5 13. dxc5 Nxc5 14. Qc2 e6 15. O-O {½-½ (38) Timofeev,A (2555)-Artemiev,V (2676) Khanty-Mansiysk 2015}) 13. a3 (13. Nh2 $16) 13... c5 14. Qe2 g4 15. Nd2 {[%cal Bf3d2,Bd2b3,Bb3a1,Ba1c2,Bc2e3][%mdl 32]} cxd4 16. exd4 Nf6 17. Nb3 a5 18. a4 b6 19. O-O Bb7 20. Rfd1 Qd6 21. Na1 Rac8 22. Nb5 Qd7 23. b3 h5 24. Nc2 $1 Nd5 25. Ne3 Bh6 $40 {[%mdl 128] Black mounts an attack.} 26. Bxd5 Bxd5 27. Nxd5 Qxd5 28. Rc4 Rfd8 29. Qc2 Rxc4 30. bxc4 Rc8 31. Na3 Qd6 32. Qd3 Qb4 33. Rb1 Qd2 $1 {[%cal Rd2d3]} 34. Qxd2 ({Better is} 34. Qe4) 34... Bxd2 $17 {[%mdl 4096] Endgame KRB-KRN} 35. d5 Bb4 36. Nb5 $2 (36. Ra1) 36... Rxc4 $19 37. d6 Kf8 38. Rd1 {intending d7.} Ke8 39. d7+ Kd8 40. Nd6 $2 (40. Kf1) 40... Bxd6 $1 41. Rxd6 Rxa4 42. Rxb6 {KR-KR} Ra1+ 43. Kh2 Rf1 44. Rb2 Kxd7 45. Ra2 {[#]} a4 $1 46. Rxa4 $2 (46. f4) 46... Rxf2 47. Ra1 Rf5 48. Re1 e5 49. Re2 Ke6 50. Re1 Kd5 51. Rd1+ {[#]} Kc4 $2 (51... Ke4 $1 $19 {has better winning chances. Threatens to win with ...Ke3.} 52. Ra1 Rf2 53. Re1+ Kd4) 52. Rf1 $17 Rg5 53. Rxf7 e4 (53... Rg6 $17 54. Kg1 Ra6) 54. Kg1 $19 {[#]} Kd3 $2 (54... Ra5 $1 $19 {White must now prevent ...Kd3.} 55. Rb7 Ra2) 55. Kf2 $15 Rd5 56. Ra7 $1 e3+ 57. Ke1 Rd4 58. Ra8 Rd5 59. Ra7 Ra5 $2 {[%mdl 40960] Precision: White = 53%, Black = 51%. . An unexpected result.} (59... Rd8 $15) 1/2-1/2

[Event "EICC 2017"]
[Site "Minsk"]
[Date "2017.06.01"]
[Round "3"]
[White "Bakalchuk, Johnatan"]
[Black "Maze, Sebastien"]
[Result "1-0"]
[WhiteElo "2391"]
[BlackElo "2619"]
[Annotator "TA"]
[PlyCount "79"]
[EventDate "2017.??.??"]
[EventCountry "BLR"]
[SourceTitle "playchess.com"]
[Source "ChessBase"]
[SourceQuality "1"]

{[%evp 9,79,-14,0,0,0,-2,7,0,0,0,0,0,0,0,14,14,17,14,13,14,12,7,7,9,13,0,0,0,11,0,0,0,10,4,7,0,0,0,11,-15,-15,-15,-14,-19,-19,-17,-6,-8,-10,-20,-18,-40,16,22,31,0,0,0,97,85,152,163,239,231,408,388,454,458,458,456,964,760]} 1. d4 Nf6 2. Nc3 d5 3. Bf4 e6 4. Nb5 Na6 5. a3 c6 6. Nc3 {D00: 1 d4 d5: Unusual lines} c5 7. e3 Qb6 8. Nf3 {The position is equal.} Be7 $146 ({Predecessor:} 8... Bd7 9. Rb1 Bd6 10. Ne5 Nc7 11. Be2 O-O {0-1 (60) Darini,P (2511)-Volokitin,A (2649) Doha 2016}) 9. Be2 O-O 10. O-O Bd7 11. Ne5 cxd4 12. exd4 Rac8 13. Rb1 Nb8 14. Bd3 Be8 15. Ne2 Bb5 16. c3 Nc6 17. Re1 Nxe5 18. Bxe5 Nd7 19. Bg3 Bxd3 20. Qxd3 Qb3 21. Nc1 Qb6 22. Ne2 Rfe8 23. Nf4 Qb3 (23... Qc6 {keeps more tension.} 24. Qd1 b5 25. Nd3 a5 26. Re3 Bg5) 24. Qd1 (24. Qe2 {with more complications.} Nb6 25. Nd3 Nc4 26. Bf4 Bd6 27. Bxd6 Nxd6 28. g3) 24... Qxd1 25. Rbxd1 b5 26. Re2 Nb6 27. Rde1 Bf8 28. Nd3 a5 29. f4 g6 30. Bh4 Bg7 (30... b4 $15 31. axb4 (31. cxb4 axb4 32. axb4 Rc4 $15) 31... axb4) 31. g4 $11 {[%cal Bg2g4,Bg4f5,Bf5e6][%mdl 32]} Kf8 32. Bg3 (32. f5 $5) 32... Nc4 33. Nc5 Red8 (33... Kg8 $11 {remains equal.}) 34. Bh4 $36 {[%mdl 2048] Keeping Black busy.} Rd6 {[#]} (34... Re8 $142) 35. f5 $1 {[%mdl 512]} gxf5 (35... b4 {was called for.} 36. axb4 (36. fxe6 bxc3 37. bxc3 fxe6 $16) 36... axb4 37. fxe6 bxc3 38. bxc3 fxe6 39. Nxe6+ Kg8 40. Nxg7 Kxg7 41. Re7+ Kg8) (35... exf5 36. b3) 36. gxf5 $18 b4 $2 (36... e5 37. dxe5 Rh6) 37. axb4 axb4 38. fxe6 {White is clearly winning.} bxc3 39. bxc3 Bh6 (39... fxe6 $142 40. Nxe6+ Rxe6) 40. Nd7+ {Precision: White = 56%, Black = 57%.} 1-0

[Event "EICC 2017"]
[Site "Minsk"]
[Date "2017.06.01"]
[Round "3"]
[White "Abdulov, Orkhan"]
[Black "Saric, Ivan"]
[Result "0-1"]
[WhiteElo "2388"]
[BlackElo "2618"]
[Annotator "TA"]
[PlyCount "60"]
[EventDate "2017.??.??"]
[EventCountry "BLR"]
[SourceTitle "playchess.com"]
[Source "ChessBase"]
[SourceQuality "1"]

{[%evp 10,60,34,5,60,60,59,31,30,0,10,-16,-24,-24,-21,-28,-18,-27,-12,-47,-46,-54,-44,-59,-37,-141,-71,-93,-97,-81,-95,-79,-69,-94,-121,-98,-67,-139,-154,-569,-551,-522,-506,-29979,-29980,-29980,-29981,-29981,-29982,-29967,-29965,-29998,-29999]} 1. e4 c5 2. Nf3 d6 3. d4 cxd4 4. Nxd4 Nf6 5. Nc3 a6 6. h3 Qa5 {B90: Sicilian Najdorf: Unusual White 6th moves, 6 Be3 Ng4 and 6 Be3 e5} (6... e5 $11 7. Nb3 Be7) (6... Nc6 7. g4 Qb6 8. Nb3 e6 9. g5 Nd7 10. h4 Qc7 11. Be3 b5 12. a3 Bb7 13. f4 Nc5 14. Bg2 Be7 {½-½ (24) Svidler,P (2755)-Artemiev,V (2682) Sochi 2017}) 7. Nb3 $14 Qc7 8. Bg5 $146 ({Predecessor:} 8. g4 e6 9. Bg2 Nc6 10. O-O Be7 11. Qe2 b5 12. a3 Nd7 13. f4 Rb8 14. Re1 {½-½ (33) Klein,D (2262)-Burg,T (2460) Groningen 2009}) 8... Nbd7 {White is slightly better.} 9. Qd2 e6 10. O-O-O b5 11. a3 Be7 12. f4 Bb7 13. Bd3 O-O 14. Qf2 Rfc8 $36 {[%mdl 2048] Black has the initiative.} 15. Rhe1 h6 16. Bh4 e5 17. f5 ({White should play} 17. Kb1 $15) 17... Nc5 (17... Qd8 $142 18. Qe2 Rxc3 $1 {[%mdl 512]} 19. bxc3 Qc7 20. Bxf6 Nxf6) 18. Nxc5 dxc5 {[%cal Bd6c5,Bc5c4][%mdl 32]} 19. Nd5 Bxd5 (19... Nxd5 $6 20. exd5 Bxh4 21. Qxh4 $11) 20. exd5 c4 $1 {[%cal Rc4d3]} (20... Nxd5 $6 21. Be4 $14) 21. Bxf6 $1 Bxf6 {[#]} (21... cxd3 $6 22. Bxe7 dxc2 23. Rd2 $14) 22. d6 $1 {[%mdl 512]} Qa5 ({Worse is} 22... Qxd6 23. Be4 $14) 23. Be4 ({White should try} 23. d7 $15 Rc7 24. Be4) 23... c3 $1 $17 {aiming for ...b4.} 24. d7 $2 (24. Bxa8 cxb2+ 25. Kxb2 e4+ 26. Rd4 (26. Ka2 {leads to mate.} Rc3 27. Qc5 Rxc5 28. Re2 Rc3 29. Rd3 Qxa3+ 30. Kb1 Qa1+ 31. Kxa1 Ra3+ 32. Kb1 Ra1#) 26... Qc3+ 27. Kb1 Bxd4 $19) (24. Kb1 $17 cxb2 25. Re3) 24... cxb2+ $1 $19 25. Kxb2 {[#]} Rc3 $1 {[%mdl 512]} 26. Bxa8 (26. Ra1 $19 Rd8 27. Re3) 26... Qxa3+ {Black mates.} 27. Kb1 Qb4+ 28. Kc1 {[#]} Ra3 $1 {[%cal Ra3a1]} 29. d8=Q+ Kh7 {[%cal Ra3a1]} 30. c4 Qc3+ {Precision: White = 34%, Black = 77%.} 0-1

[Event "EICC 2017"]
[Site "Minsk"]
[Date "2017.06.01"]
[Round "3"]
[White "Tunik, Gennady"]
[Black "Gledura, Benjamin"]
[Result "1/2-1/2"]
[WhiteElo "2384"]
[BlackElo "2602"]
[Annotator "TA"]
[PlyCount "131"]
[EventDate "2017.??.??"]
[EventCountry "BLR"]
[SourceTitle "playchess.com"]
[Source "ChessBase"]
[SourceQuality "1"]

{[%evp 19,131,18,18,25,27,20,27,26,21,21,42,38,35,36,43,41,43,13,42,47,50,37,41,60,49,41,44,30,37,29,47,25,30,9,67,0,16,0,0,0,0,0,0,0,0,-16,-16,-17,-17,-22,-8,-8,-8,-8,-8,-8,-8,-8,-8,-8,-8,-8,-8,-33,-8,-8,-8,-8,-8,-8,-8,-8,-8,-8,-8,-8,-8,-8,-8,-8,-8,-8,-8,-8,-8,-8,-8,-60,-67,-67,-67,-67,-67,-67,-67,-67,-67,-67,-8,-8,-8,-8,-8,-8,-8,-8,-8,-8,-8,-8,-8,-8,-8,-8]} 1. d4 Nf6 2. c4 g6 3. Nc3 d5 4. cxd5 Nxd5 5. e4 Nxc3 6. bxc3 Bg7 7. Nf3 c5 8. Be3 Qa5 9. Qd2 O-O 10. Rc1 Rd8 11. Be2 {D85: Exchange Grünfeld: Unusual White 7th moves and lines with 7 Nf3} (11. d5 e6 12. d6 Qa4 13. h4 Qxe4 14. h5 Qd5 15. Qc2 Rxd6 16. hxg6 hxg6 17. Ng5 Nc6 18. Ne4 Rd7 19. Bg5 Bxc3+ 20. Qxc3 Qxe4+ {0-1 (40) Harikrishna,P (2750)-Svidler,P (2755) Moscow 2017}) 11... Nc6 12. d5 e6 13. O-O {White has an edge.} exd5 14. exd5 Ne7 15. c4 Qxd2 16. Nxd2 b6 17. Ne4 h6 18. Ng3 $146 ({Predecessor:} 18. Bd3 Nf5 19. Bf4 Nd4 {0-1 (43) Schwarz,D (2315)-Maslik,M (2333) Slovakia 2015}) 18... Ba6 19. h4 Nc8 20. h5 Nd6 21. hxg6 fxg6 22. Bd3 Rf8 23. Rfe1 g5 24. a4 Rae8 25. Re2 (25. a5 $5) 25... Be5 26. Nf1 Nf5 {[#]} (26... Bc8 $11) 27. Rce1 (27. Bxg5 $1 $14 {[%mdl 512]} Nd4 (27... hxg5 28. Rce1) 28. Rxe5 Rxe5 29. Bxh6) 27... Bg7 28. a5 (28. Bxf5 $5 Rxf5 29. Ng3 $11) 28... Nxe3 29. axb6 Bc3 30. Rc1 {[#]} Nxd5 $1 {[%mdl 512] Hoping for ...Rxe2.} 31. Rxe8 (31. cxd5 Rxe2) 31... Rxe8 32. cxd5 (32. bxa7 $5 {[%cal Rc4d5]} Bd4 33. Rb1 $11) 32... Bb2 33. Rd1 Bxd3 34. Rxd3 $11 {[%mdl 4096] Endgame KRB-KRN} c4 (34... axb6 $5 {[%cal Rc5c4]} 35. Rb3 Bd4 36. Rxb6 h5 $17) 35. Re3 Rxe3 36. Nxe3 axb6 {White must now prevent ...b5.} 37. Nxc4 {KB-KN} Bd4 38. Nd6 Be5 39. Nb5 Kf7 40. Kf1 Kf6 41. Ke2 h5 42. Ke3 Kf5 43. f3 Bh2 44. g4+ hxg4 45. fxg4+ Ke5 46. d6 {aiming for d7.} Ke6 47. Ke4 Bxd6 {next ...Be5 is good for Black.} 48. Nd4+ Kd7 49. Kd5 Bc5 50. Nb5 Be3 51. Nc3 Kc7 52. Nb5+ Kb7 53. Nc3 (53. Ke4 $1 $11 Bf2 54. Kf5) 53... Ka6 $15 54. Kc4 Bf4 55. Nb5 Be5 56. Na3 Ka5 57. Nb5 Ka4 58. Na7 Ka3 (58... Bg3 $15) 59. Nc6 {The position is equal.} Bf6 60. Kb5 Kb3 61. Kxb6 Kc4 62. Kc7 Kd5 63. Kd7 Ke4 64. Ke6 Bc3 65. Nd8 Kf4 66. Nf7 {Precision: White = 77%, Black = 67%.} 1/2-1/2